Corinthians: Campeão Paulista (2025) - Statistics

Estatísticas Gerais
  • Esse quiz foi jogado 129 vezes
  • A pontuação média é 29 de 33
Estatísticas das Respostas
Imagem Resposta % Correto
Hugo Farias
100%
Memphis Depay
100%
Yuri Alberto
100%
Rodrigo Garro
99%
Angel Romero
98%
Matheus Bidu
98%
Matheuzinho
98%
Gustavo Henrique
97%
Raniele
97%
Breno Bidon
96%
Maycon
96%
Andre Carrillo
95%
André Ramalho
95%
Cacá
95%
Charles
95%
Felix Torres
95%
Hugo Souza
95%
Jose Martinez
95%
Talles Magno
95%
Ryan
92%
Matheus Donelli
91%
Igor Coronado
90%
Pedro Raul
89%
Fabrizio Angileri
88%
João Pedro
83%
Alex Santana
80%
Hector Hernandez
79%
Léo Maná
76%
Diego Palacios
73%
Giovane
70%
Jacaré
57%
Bahia
45%
Luiz Eduardo
15%
Nenhum quiz correspondente encontrado
Distribuição das Pontuações
Porcentagem de Pessoas com Cada Pontuação
Percentil de Números Respondidos
Sua Pontuação Histórica
Você não jogou esse quiz